|
|
|
|
| LEADER |
00577nam a22001691a 4500 |
| 020 |
|
|
|a 9789382432326
|
| 082 |
|
|
|a H301
|b BAL/B
|
| 100 |
|
|
|a Baldev Vanshi
|9 6062
|
| 245 |
|
|
|a Ballabh Dhopal:
|b chuni hui kahaniya/
|c edited by Baldev Vanshi.
|
| 260 |
|
|
|a Kanpur:
|b Aman Prakashan,
|c 2013.
|
| 300 |
|
|
|a 168p.
|
| 650 |
|
|
|a Literature Hindi
|9 6063
|
| 650 |
|
|
|a Stories Hindi
|9 6064
|
| 650 |
|
|
|a Literature
|9 6065
|
| 942 |
|
|
|c BK
|
| 999 |
|
|
|c 63315
|d 63315
|
| 952 |
|
|
|0 0
|1 0
|4 0
|6 H_301_000000000000000_BAL_B
|7 0
|9 84881
|a SSUS
|b SSUS
|c STACKS
|d 2016-11-08
|g 200.00
|o H301 BAL/B
|p 082517
|r 2016-11-08
|w 2016-11-08
|y BK
|